000
00276nam a22001097a 4500
082
_a
823
_b
CAR/S
100
_a
CARRATH, JAIN
245
_a
SNOW WHITE& THE SEVEN DWARF
246
_a
SNOW WHITE& THE SEVEN DWARF
_b
SNOW WHITE& THE SEVEN DWARF
650
_a
ENGLISH STORY
942
_c
BK
999
_c
8801
_d
8801